El mercado de trabajo médico : evolución histórica en México : continuación (Record no. 72677)

MARC details
000 -CABECERA
campo de control de longitud fija 00636nam a2200229 a 4500
005 - FECHA Y HORA DE LA ÚLTIMA TRANSACCIÓN
campo de control 20210219153253.0
008 - ELEMENTOS DE LONGITUD FIJA--INFORMACIÓN GENERAL
campo de control de longitud fija 991125n 000 0 spa u
035 ## - NÚMERO DE CONTROL DEL SISTEMA
Número de control de sistema UPN01000087730
100 1# - ASIENTO PRINCIPAL--NOMBRE PERSONAL
Nombre de persona FRENK, Julio
222 ## - TÍTULO CLAVE
Título clave FORO UNIVERSITARIO
245 ## - MENCIÓN DE TÍTULO
Título El mercado de trabajo médico : evolución histórica en México : continuación
300 ## - DESCRIPCIÓN FÍSICA
Extensión 15-22
362 ## - FECHAS DE PUBLICACIÓN Y/O DESIGNACIÓN SECUENCIAL
Fecha de publicación y/o designación secuencial 1981 2a Época, no. 3, feb.
650 #4 - ASIENTO SECUNDARIO DE MATERIA - TERMINO TEMATICO
Término de materia o nombre geográfico como elemento de entrada MÉXICO
650 #4 - ASIENTO SECUNDARIO DE MATERIA - TERMINO TEMATICO
Término de materia o nombre geográfico como elemento de entrada IMSS
650 #4 - ASIENTO SECUNDARIO DE MATERIA - TERMINO TEMATICO
Término de materia o nombre geográfico como elemento de entrada MÉDICOS
650 #4 - ASIENTO SECUNDARIO DE MATERIA - TERMINO TEMATICO
Término de materia o nombre geográfico como elemento de entrada UNAM
700 02 - ASIENTO SECUNDARIO--NOMBRE DE PERSONAL
Nombre de persona HERNÁNDEZ LLAMAS, Héctor, coaut.
700 02 - ASIENTO SECUNDARIO--NOMBRE DE PERSONAL
Nombre de persona ALVAREZ KLEIN, Lourdes, coaut.
904 ## - ELEMENTOS DE DATOS D LOCAL, LDD (RLIN)
a AC
b 025541
905 ## - TIPO DE MATERIAL
Tipo de material Articulo

No items available.